000
00351nam a2200133Ia 4500
008
151001s9999||||xx |||||||||||||| ||und||
100
_a
नरेंद्र जाधव
245
_a
भयशुन्य चित्त जेथे
250
_a
2
260
_b
ग्रंथाली
260
_c
2011
300
_a
442
365
_b
24
999
_c
1000463
_d
1000460